Statistics for Top 5 Songs On 4L (Yeat)

Click here to take the quiz!

General Stats

  • This quiz has been taken 75 times
  • The average score is 3 of 5

Answer Stats

HintAnswer% Correct
113,692,819Sorry Bout That
95%
45,023,670Money Twerk
75%
42,756,410Off Tha Lot
70%
7,931,155Goin Back 2 Ella
33%
7,494,716Teslas N Rovers
13%

Score Distribution

Percentile by Number Answered

Percent of People with Each Score

Your Score History

You have not taken this quiz